| Tag |
First Indicator |
Second Indicator |
Subfields |
| LEADER |
00000cam a2200000La 4500 |
| 001 |
in00002012199 |
| 005 |
20151031153906.0 |
| 008 |
870408s1985 ru c 000 1 rus d |
| 019 |
|
|
|a 13843437
|
| 035 |
|
|
|a (OCoLC)ocm15692858
|
| 040 |
|
|
|a NYP
|c NYP
|d AZU
|d OCL
|d OCLCQ
|d TXA
|d UtOrBLW
|
| 043 |
|
|
|a e-ru---
|
| 049 |
|
|
|a TXAM
|
| 090 |
|
|
|a PG3504.K3
|b R62 1985
|
| 245 |
0 |
0 |
|a Rodnye prostory :
|b sbornik proizvedeniĭ kalininskikh pisateleĭ /
|c [sostavitelʹ Nikolaĭ Mazurin].
|
| 264 |
|
1 |
|a Moskva :
|b Moskovskiĭ rabochiĭ,
|c 1985.
|
| 300 |
|
|
|a 285 pages :
|b portraits ;
|c 21 cm.
|
| 336 |
|
|
|a text
|b txt
|2 rdacontent
|
| 337 |
|
|
|a unmediated
|b n
|2 rdamedia
|
| 338 |
|
|
|a volume
|b nc
|2 rdacarrier
|
| 505 |
0 |
|
|a Firsanovskai︠a︡ storozhka. U kostra / E. Borisov -- Zvezdy ne merknut / V. Kami︠a︡nskiĭ -- Podvodnyĭ razvedchik. Sprut / G. Kirillov -- Alesha / A. Ognev -- Starai︠a︡ kuzii︠a︡. U kurgana Nikolka / Ė. Khozi︠a︡inov -- Otet︠s︡ i syn / V. Kri︠u︡kov --Ivan Ivanovich. Master / M. Petrov -- Kolybelʹ. Ded Dymit / P. Dudochkin -- Tri dni︠a︡ v aprele / V. Isakov -- Oblava. Konet︠s︡ rechnogo Besa / I︠U︡. Kozlov.
|
| 650 |
|
0 |
|a Russian literature
|z Russia (Federation)
|z Tverskai︠a︡ oblastʹ.
|
| 650 |
|
0 |
|a Authors, Russian
|z Russia (Federation)
|z Tverskai︠a︡ oblastʹ.
|
| 650 |
|
0 |
|a Russian prose literature.
|
| 700 |
1 |
|
|a Mazurin, N. I.
|q (Nikolaĭ Ivanovich)
|
| 948 |
|
|
|a cataloged
|b h
|c 2004/12/17
|d c
|e spoltoratski
|f 10:48:35 am
|
| 994 |
|
|
|a E0
|b TXA
|
| 999 |
|
|
|a MARS
|
| 999 |
f |
f |
|s 3bed4662-6ef7-3c5c-a4a9-9671d99f02de
|i 365f7a78-acbb-3045-af0f-4142d2d5a4b4
|t 0
|
| 952 |
f |
f |
|p ric
|a Texas A&M University
|b Rellis Campus
|c Joint Library Facility
|d Remote Storage
|t 0
|e PG3504.K3 R62 1985
|h Library of Congress classification
|i unmediated -- volume
|m A14831592980
|
| 998 |
f |
f |
|a PG3504.K3 R62 1985
|t 0
|l Remote Storage
|